000 00397nam a22001457a 4500
003 OSt
005 20250820125147.0
008 250820b |||||||| |||| 00| 0 eng d
040 _cSVYASA
100 _aVanshika ramchandani
_91112
245 _aIntegrative effects of zumba and yoga on academics stress in adolescents.
260 _aBangaluru
_bSvyasa
_c2025
300 _a50 p.
942 _2ddc
_cD
_n0
999 _c20705
_d20705